| 000 | 00556nmm a2200169Ia 4500 | ||
|---|---|---|---|
| 008 | 251105s9999||||xx |||||||||||||||||und|| | ||
| 020 | _a9781615908677 | ||
| 041 | _aspa | ||
| 100 | _aKarapetkova, Holly | ||
| 245 | 0 | _a¿Un cuadrado? ¡Un rectángulo! = A square? A rectangle! | |
| 264 |
_a[Madrid, España] : _bRourke Educational Media, _c2009 |
||
| 300 | _a24 páginas | ||
| 490 | _aMis primeros descubrimientos / My first discovery library | ||
| 650 | _aAges 3-5 Years Old | ||
| 856 | _uhttps://public.digitaliapublishing.com/a/24682 | ||
| 942 | _cCF | ||
| 999 |
_c75182 _d75182 |
||